Hallucinating Foucault /

Gorde:
Xehetasun bibliografikoak
Egile nagusia: Duncker, Patricia (Egilea)
Formatua: Liburua
Hizkuntza:ingelesa
Argitaratua: New York : Vintage Books, [1998]
Etiketak: Etiketa erantsi
Etiketarik gabe, Izan zaitez lehena erregistro honi etiketa jartzen!

MARC

LEADER 00000nam a22000007i 4500
001 IT\ICCU\UBO\2251541
003 ItRI
005 20260115231816.0
008 030718s1998 xxu|||||| ||||| |||||c
020 |a 0375701850 (pbk) 
040 |b ita  |c importazione bologna sebina 
041 7 |a eng  |2 ISO-639-2 
100 1 |a Duncker, Patricia  |0 IT\ICCU\MILV\129050  |4 aut 
245 1 0 |a Hallucinating Foucault /  |c Patricia Dunker. 
260 |a New York :  |b Vintage Books,  |c [1998] 
300 |a 173 p. ;  |c 20 cm. 
942 |2 ddc  |c BK  |n 0 
952 |0 0  |1 0  |4 0  |6 DOC_823_914000000000000_DUN  |7 0  |9 13178  |a BO  |b BO  |d 2026-01-15  |i 7478  |l 0  |o DOC 823.914 DUN  |p BO7478  |r 2026-01-15 23:18:16  |w 2026-01-15  |x [Sebina 5] [1 v.]  |y BK  |z 1 v. 
999 |c 11304  |d 11304